ARRUPE JESUIT UNIVERSITY

CORONAVIRUS -STOP THE SPREAD - CLEAN,DISINFECT,COVER

God (Record no. 6343)

MARC details
000 -LEADER
fixed length control field 00485nam a2200217Ia 4500
003 - CONTROL NUMBER IDENTIFIER
control field 0100
008 - FIXED-LENGTH DATA ELEMENTS--GENERAL INFORMATION
fixed length control field 130227s9999 xx 000 0 und d
040 ## - CATALOGING SOURCE
Transcribing agency ARRUPELIB
050 ## - LIBRARY OF CONGRESS CALL NUMBER
Classification number BT102.W881 2011
100 ## - MAIN ENTRY--PERSONAL NAME
Personal name Wood, W. Jay
245 ## - TITLE STATEMENT
Title God
260 ## - PUBLICATION, DISTRIBUTION, ETC. (IMPRINT)
Place of publication, distribution, etc Durham
260 ## - PUBLICATION, DISTRIBUTION, ETC. (IMPRINT)
Name of publisher, distributor, etc Acumen Publishing Limited
260 ## - PUBLICATION, DISTRIBUTION, ETC. (IMPRINT)
-- 2011
300 ## - PHYSICAL DESCRIPTION
Extent 250p.
300 ## - PHYSICAL DESCRIPTION
Other physical details 24cm.
440 ## - SERIES STATEMENT/ADDED ENTRY--TITLE
Title Central problems of philosophy
650 ## - SUBJECT ADDED ENTRY--TOPICAL TERM
Topical term following geographic name as entry element Socialism
650 ## - SUBJECT ADDED ENTRY--TOPICAL TERM
Location of event Utopias
942 ## - ADDED ENTRY ELEMENTS (KOHA)
Source of classification or shelving scheme Library of Congress Classification
Koha issues (borrowed), all copies 2
Holdings
Withdrawn status Lost status Source of classification or shelving scheme Damaged status Not for loan Collection code Home library Current library Shelving location Date acquired Total Checkouts Full call number Barcode Date last seen Date last borrowed Copy number Price effective from Koha item type
    Library of Congress Classification     Main Collection ARRUPE LIBRARY ARRUPE LIBRARY   27/02/2013 2 BT102.W881 2011 46408546 11/01/2017 29/11/2013 1 27/02/2013 Monograph ( Printed materials)

 

Arrupe Library. PO Box MP320 Mt Pleasant, Harare, Zimbabwe
263 242 745411|librarian@aju.ac.zw